000 00891nam a2200253Ia 4500
003 OSt
005 20221005113304.0
006 a|||||r|||| 00| 0
007 ta
008 221004b |||||||| |||| 00| 0 pan d
020 _a9788130203034 (hbk)
_c600
024 _a26406
037 _b985, 16/12/2015, H.K. Prakashan
_cTextual
040 _aCRL
_cCRL
_bpan
041 _2pan
_apan
082 _aV2:1972,(Q8441).N1, 153Q4
100 _aਸਿੰਘ, ਗੁਰਦਿੱਤ
245 0 _aਗ਼ੁਲਮੀ ਕਥਾ
260 _aਪਟਿਆਲਾ
_bਪੰਜਾਬੀ ਯੂਨੀਵਰਸਿਟੀ ਭਾਰਤ
_c2014
300 _a541ਪੰ
_ccm.
650 _aਭਾਰਤੀਯ ਇਤਿਹਾਸ
942 _hV2:1972,(Q8441).N1, 153Q4
_cTEXL
_2cc
999 _c1027671
_d1027671